000 00811nam a2200229 u 4500
005 20230302063646.0
008 130424s2012 r 000 0 eng d
020 _a9786077796435
035 _aUPN01000190828
049 _aCG
050 4 _aF1221 M3
_bG8.3
100 1 _aGuerra García, Ernesto
_934014
245 1 0 _aEtnorregión Yoreme en Sinaloa /
_cErnesto Guerra García, Eduardo Andrés Sandoval Forero, Fortunato Ruiz Martínez.
260 _aMéxico :
_bEdiciones del Lirio :
_bUPN,
_c2012.
300 _a139 p. :
_btablas, papas, il.
650 4 _aMAYOS -
_xVIDA SOCIAL Y COSTUMBRES
_98578
610 2 4 _aUNIVERSIDAD AUTONOMA INDIGENA DE MEXICO
_922250
700 1 _aSandoval Forero, Eduardo
_ecoaut.
_934631
700 1 _aRuiz Martínez, Fortunato,
_ecoaut.
905 _aLibro
999 _c162931
_d162931